Statistiques concernant Les guerres les plus meurtrieres de l'Histoire

Cliquez ici pour prendre le quiz!

Statistiques générales

  • Ce quiz a été pris 488 fois
  • Le résultat moyen est 3 sur 15

Statistiques - réponses

Nombres de victimes(en millions)conflits% Correct
19Première Guerre Mondiale
98%
60Seconde Guerre Mondiale
92%
1,5Guerre du vietnam
50%
6Guerre de Trente ans
23%
8Guerre civile chinoise
14%
9Guerre civile russe
13%
4,5Guerre Napoleoniennes
8%
40Conquetes mongoles
5%
30révolte des Taipings
5%
5Deuxième Guerre du Congo
2%
7Reconquête espagnole
1%
33révolte d'An Lushan
1%
25Conquêtes de la Dynasties Quinq
0%
20conquêtes de Tamerlan
0%
12Révoltes des Douganes
0%

Distribution des résultats

Percentile par nombre de réponses

% des personnes avec chaque résultat

Votre développement - résultats

Vous n’avez pas pris ce quiz